Appraisal groups promote universal valuation standards (Record no. 116972)

MARC details
000 -LEADER
fixed length control field 01286cam a2200217 4500
001 - CONTROL NUMBER
control field WB4004-18
008 - FIXED-LENGTH DATA ELEMENTS--GENERAL INFORMATION
fixed length control field 040129n2004 000 0 eng u
035 ## - SYSTEM CONTROL NUMBER
System control number (Sirsi) u124952
245 ## - TITLE STATEMENT
Title Appraisal groups promote universal valuation standards
260 ## - PUBLICATION, DISTRIBUTION, ETC.
Date of publication, distribution, etc. 2004
490 ## - SERIES STATEMENT
Series statement RICS News Service
Volume/sequential designation 8 January 2004, (2)
520 ## - SUMMARY, ETC.
Summary, etc. The recent crises in the accounting world and the business world have prompted a coalition of North American valuation organizations, including RICS Americas and RICS Canada) to develop specific strategies and objectives in order to protect the public and promote the convergence of worldwide valuation, accounting and financial reporting standards. The coalition has issued a "Memorandum of understanding regarding valuation for financial reporting purposes" to this effect. Further details of the memorandum can be obtained from Alison Gerlach, manager of special projects, Appraisal Institute [email protected] http://www.rics.org/ricscms/bin/show?class=News&te mplate=/includes/shownews.html&id=8057&faculty=RIC S
590 ## - LOCAL NOTE (RLIN)
Local note WB
590 ## - LOCAL NOTE (RLIN)
Local note WB
650 ## - SUBJECT ADDED ENTRY--TOPICAL TERM
Topical term or geographic name entry element Valuation
9 (RLIN) 6273
650 ## - SUBJECT ADDED ENTRY--TOPICAL TERM
Topical term or geographic name entry element ACCOUNTING
650 ## - SUBJECT ADDED ENTRY--TOPICAL TERM
Topical term or geographic name entry element RICS AMERICAS
650 ## - SUBJECT ADDED ENTRY--TOPICAL TERM
Topical term or geographic name entry element RICS CANADA
690 ## - LOCAL SUBJECT ADDED ENTRY--TOPICAL TERM (OCLC, RLIN)
Topical term or geographic name as entry element VALUATION AND INVESTMENT APPRAISAL
942 ## - ADDED ENTRY ELEMENTS (KOHA)
Suppress in OPAC 0
Holdings
Withdrawn status Lost status Source of classification or shelving scheme Damaged status Not for loan Home library Current library Shelving location Date acquired Total Checkouts Full call number Barcode Date last seen Copy number Price effective from Koha item type
    Dewey Decimal Classification     London London News article 29/01/2004   WB4004-18 124952-1001 06/08/2019 1 06/08/2019 News article